000 00367nam a2200109 4500
005 20260210120723.0
008 260210b |||||||| |||| 00| 0 eng d
245 _aMother India;
_bMonthly Review Of Culture/
_cEdited by S. Ravi
260 _aPondicherry-605002
_bPublication Department, Sri Aurobindo Ashram
_c2025
300 _aVOL.LXXVIII ,NO.12
942 _2ddc
_cSR
_mMOT
999 _c214756
_d214756